000 00525nam a22001937a 4500
003 CEME
005 20210628203241.0
008 210125b xxu||||| |||| 00| 0 eng d
020 _a9780070077911
040 _c.
082 _a620.892 DEB
100 _aDeb, S.R, Deb, Sankha
_964279
245 _aRobotics technology and flexible automation
250 _a2ND
260 _aNEW DELHI
_bMCGRAW HILL
_c2010
300 _aXX,552P
650 _aROBOTICS TECHNOLOGY. AUTOMATION.FLEXIBLE AUTOMATION
_964280
942 _cBK
_2ddc
999 _c572825
_d572825